000 02297nam a2200349 a 4500
001 000108908
003 CHAP
005 20251027110255.0
008 140319s2013 mx | |sm |||||||spa|d
040 _cCHAP
090 _aTesis
100 1 _aJiménez Paez, José Orlando
_9125972
245 1 0 _aDiseño de una máquina etiquetadora para botellas de agua
_cpor José Orlando Jiménez Paez y Angel Ignacio Nava Pascacio; director María Victoria Gómez Águila
264 _aChapingo, Méx. :
_bEl autor,
_c2013.
336 _2rdacontent
_atexto
_btxt
337 _2rdamedia
_acomputadora
_bc
338 _2rdacarrier
_arecurso en línea
_bcr
502 _bIMAg
_cMecánica
_d2013.
_gMAE
520 _aEl presente trabajo está enfocado a ayudar a tener un proceso eficaz y eficiente de etiquetado de botellas de la purificadora de agua Chapingo, dado que con el que cuentan actualmente aún es manual, lo cual lo convierte en un proceso ineficaz e ineficiente. Es por ello que se propone el diseño de una máquina etiquetadora de botellas de agua, en dónde se busca tener una opción rentable del proceso que sea eficaz, eficiente y tenga el objetivo de etiquetar de 1000 a 4000 botellas en una jornada de 8 horas. Se eligió diseñar la etiquetadora de tal manera que esta despegara por sí sola la etiqueta y adhiriera esta de manera perfecta sin necesidad de tocar el adhesivo en ningún momento. La metodología para obtener los esfuerzos y desplazamientos de los ejes que lleva la máquina es basada en el método de secciones. Así mismo se realizó la simulación de los ejes en el software ANSYS, lo cual ayudó a conocer que no existirán problemas en su funcionamiento, dado que los esfuerzos máximos y últimos son más pequeños que el de cedencia que se tenía.
590 _aBATCH-UPD
_b05
_c20140324
590 _aBATCH-UPD
_b05
_c20141002
590 _aE792CSJ
_b05
_c20140319
590 _aE792CSJ
_b05
_c20140319
650 1 4 _aDiseño industrial.
_932732
650 1 4 _aEmbotellado.
_936468
700 1 _aNava Pascacio, Angel Ignacio
_9125973
700 _aGómez Águila, María Victoria
_9185726
856 _uhttp://10.13.5.2/tesis/sist108908.pdf
_zDESCARGAR PDF
942 _cTD
_2Clasificación Universidad Autónoma Chapingo
999 _c105370
_d105370